00422nam a2200169Ia 4500003000400000005001700004008004000021020001700061040000700078041001200085082001900097100002100116245005300137260003100190300000700221700002400228OSt20240808105308.0210210b1993 xxu||||| |||| 00| 0 eng d a81 701 412 O cAL aEnglish a809.88914 SAHN aSAHITYA AKADEMI. aNarender Khajuria: Makers of Indian literature  aN DbSahitya Akademic1993 a60 aNilamber Dev Sharma